00714nam a22001217a 4500008004100000100004100041245005800082260001400140300003000154520031400184650008000498773001400578231020b ||||| |||| 00| 0 eng d aNagesulhasini, R. and Imajyothi, V.  aUnleashing entrepreneurial capabilities of urban poor aNagarlok  a55(1), Mar, 2023: p.59-76 aUrban poverty is one the worst maladies. This study suggests the need to think beyond the traditional way of approaching poverty such as providing monetary assistance or in-kind transfers. Though employment opportunities have been included in the right point of entry is indeed a huge mistake. – Reproduced  aUrban poverty, Sustainable livelihoods, National urban livelihood mission.  aNagarlok